00327nam a2200133Ia 4500008004100000020001500041041001200056082001600068100001300084245004900097260002500146300000800171650001400179221030s9999 xx 000 0 und d a8120308689 aEnglish a105.23bKos aB. Kosko 0aNeural Networks & Fuzzy Systemscby B. Kosko bPHIaNew Delhic2006 a449 aComputers